000
00210nam a22000857a 4500
008
170620b xxu||||| |||| 00| 0 eng d
100
_9
3584
_a
NCERT
245
_a
Business Studies XII
260
_a
New Delhi
_b
NCERT
_c
2010
999
_c
6970
_d
6970